000 01453nam a2200373Ia 4500
001 ebr10419939
003 CaPaEBR
006 m u
007 cr cn|||||||||
008 100805s2009 enka sb 001 0 eng d
010 _z 2009499800
020 _z9781855755581 (pbk.)
040 _aCaPaEBR
_cCaPaEBR
035 _a(OCoLC)729246089
050 1 4 _aHQ23
_b.S49 2009eb
082 0 4 _a155.34
_222
245 0 0 _aSex, attachment, and couple psychotherapy
_h[electronic resource] :
_bpsychoanalytic perspectives /
_cedited by Christopher Clulow.
260 _aLondon :
_bKarnac,
_c2009.
300 _axli, 243 p. :
_bill.
490 1 _aThe library of couple and family psychoanalysis
504 _aIncludes bibliographical references and index.
533 _aElectronic reproduction.
_bPalo Alto, Calif. :
_cebrary,
_d2011.
_nAvailable via World Wide Web.
_nAccess may be limited to ebrary affiliated libraries.
650 0 _aCouples therapy.
650 0 _aMarital psychotherapy.
650 0 _aSex (Psychology)
650 0 _aCouples therapy
_xMethodology.
650 0 _aAttachment behavior.
650 0 _aSex customs
_xPsychology.
655 7 _aElectronic books.
_2local
700 1 _aClulow, Christopher F.
710 2 _aebrary, Inc.
830 0 _aLibrary of couple and family psychoanalysis.
856 4 0 _uhttp://site.ebrary.com/lib/rucke/Doc?id=10419939
_zAn electronic book accessible through the World Wide Web; click to view
999 _c83222
_d83222